Najpopularniejsze piosenki taco hemingwheya - Statystyki

Ogólne statystyki
  • Ten quiz został rozwiązany 65 razy
  • Średni wynik to 6 z 10
Statystyki odpowiedzi
Hint Odpowiedź % Poprawnych
106 mln Tamagotchi
82%
54 mln Deszcz na betonie
80%
38 mln W piątki leże w wannie
73%
33 mln Następna stacja
69%
38 mln Polskie tango
67%
83 mln 8 kobiet
60%
33 mln 6 zer
56%
44 mln Fiji
53%
38 mln Nostalgia
49%
61 mln Kryptowaluty
47%
Nie znaleziono quizów pasujących do podanych kryteriów
Rozkład punktacji
Procent ludzi z każdym wynikiem
Percentyl według liczby udzielonych odpowiedzi
Twoja historia wyników
Nie rozwiązałeś tego quizu